Agricultural economics and anribusiness (Record no. 83385)

MARC details
000 -LEADER
fixed length control field 00373nam a2200145Ia 4500
008 - FIXED-LENGTH DATA ELEMENTS--GENERAL INFORMATION
fixed length control field 230917s9999||||xx |||||||||||||| ||und||
040 ## - CATALOGING SOURCE
-- 44667
Original cataloging agency VIVEKANANDA LIBRARY
041 ## - Language
-- English
082 ## - DDC NUMBER
Classification number 338.10973 C848A
100 ## - MAIN ENTRY--PERSONAL NAME
Personal name Cramer, Gail L
245 #0 - TITLE STATEMENT
Title Agricultural economics and anribusiness
260 ## - PUBLICATION, DISTRIBUTION, ETC. (IMPRINT)
Place of publication, distribution, etc 5th
Name of publisher, distributor, etc New York
Date of publication, distribution, etc John Wiley and Sons
300 ## - PHYSICAL DESCRIPTION
Pages 1991 p.
942 ## - ADDED ENTRY ELEMENTS (KOHA)
Koha item type Books
Holdings
Withdrawn status Lost status Damaged status Not for loan Location (home branch) Sublocation or collection (holding branch) Date acquired Koha issues (times borrowed) Koha full call number Accession No. Koha date last seen Koha item type
        VIVEKANANDA LIBRARY VIVEKANANDA LIBRARY 21/11/2002   338.10973 C848A 160815 17/09/2023 Books
© Designed and Maintained by Vivekananda Library, MDU Rohtak